|
|
|
|
| LEADER |
01323nam a2200289 a 4500 |
| 001 |
4750480 |
| 008 |
101024s1986 nyua b 001 0 eng d |
| 010 |
|
|
|a 85010002
|
| 020 |
|
|
|a 0387961534
|
| 020 |
|
|
|a 3540961534
|
| 040 |
|
|
|a DLC
|c DLC
|d DLC
|d BD-DhAAL
|
| 082 |
0 |
0 |
|a 589.9/0133
|2 19
|
| 100 |
1 |
|
|a Gottschalk, Gerhard.
|
| 245 |
1 |
0 |
|a Bacterial metabolism /
|c Gerhard Gottschalk.
|
| 250 |
|
|
|a 2nd ed.
|
| 260 |
|
|
|a New York :
|b Springer-Verlag,
|c c1986.
|
| 300 |
|
|
|a xiii, 359 p. :
|b ill. ;
|c 24 cm.
|
| 490 |
|
0 |
|a Springer series in microbiology
|
| 504 |
|
|
|a Includes Bibliography (p. [327]-336.) and index.
|
| 541 |
1 |
|
|e 00021352
|
| 650 |
|
0 |
|a Microbial metabolism.
|
| 650 |
|
0 |
|a Bacteria
|x Physiology.
|
| 852 |
4 |
|
|a Ayesha Abed Library
|j General shelf
|
| 999 |
|
|
|c 9859
|d 9859
|
| 952 |
|
|
|0 0
|1 0
|2 ddc
|4 0
|6 589_901330000000000_GOT_1986
|7 0
|9 12657
|a BRACUL
|b BRACUL
|c GEN
|d 2010-10-24
|l 31
|m 177
|o 589.90133 GOT
|p 3010021352
|q 2026-06-02
|r 2026-02-25
|s 2026-02-25
|t 1
|w 2010-10-24
|y BK
|
| 952 |
|
|
|0 0
|1 0
|2 ddc
|4 0
|6 589_901330000000000_GOT_1986
|7 0
|9 12658
|a BRACUL
|b BRACUL
|c GEN
|d 2010-10-24
|l 33
|m 212
|o 589.90133 GOT
|p 3010021353
|r 2026-03-02
|s 2026-02-22
|t 2
|w 2010-10-24
|y BK
|
| 952 |
|
|
|0 0
|1 0
|2 ddc
|4 0
|6 589_901330000000000_GOT_1986
|7 0
|9 12659
|a BRACUL
|b BRACUL
|c GEN
|d 2010-10-24
|l 24
|m 183
|o 589.90133 GOT
|p 3010021354
|r 2026-03-02
|s 2026-02-22
|t 3
|w 2010-10-24
|y BK
|